000 00562nam a2200181 a 4500
003 PILC
005 20150112093435.0
008 100721s19uu xx 00 eng d
020 _a0131838474
050 _aHF 5549.12
_b.R632 2003
082 _aMHSF 658.3
_bR53 2003
100 _aRobbins, Stephen P.
_915757
245 _aThe truth about managing people
_b...and nothing but the truth /
_cStephen P. Robbins
260 _bFinancial Times Prentice Hall Books,
_c2003.
300 _a211 pages :
_c15 cm.
650 _aManaging people
_915758
942 _2lcc
_cBK
999 _c14539
_d14539